000 05982nam a2200565Ia 4500
001 dia_4616
003 CHAP
005 20240723134554.0
007 ta
008 220117s2017 mx abdofrm 001 0 spa d
010 _a177516
040 _cCHAP
_amxchpua
041 0 _aspa
_beng
090 _aTesis
_bP472
_c2017
100 1 _aPérez Esteban, Guillermo
240 1 0 _aCharacterization of panela oreado cheese of Soyatlán, Jalisco.
_lEspañol
245 1 0 _aCaracterización del queso panela oreado de Soyatlán, Jalisco /
_cGuillermo Pérez Estebán
264 _aChapingo, México :
_bEl autor,
_c2017
300 _axvii, 171 hojas :
_bilustraciones, mapas, gráficas, diagramas, tablas, fotos +
_e1 CD-ROM
336 _2rdacontent
_atexto
_btxt
337 _2rdamedia
_ano mediado
_bn
338 _2rdacarrier
_avolumen
_bnc
500 _aEl CD contiene artículo y reporte
502 _aTesis
_b(Maestro en Ciencias en Ciencia y Tecnología Agroalimentaria) --
_cUACh. Departamento de Ingeniería Agroindustrial,
_d2017
504 _aIncluye bibliografías
520 3 _aEl queso panela oreado de Soyatlán, Jalisco, es un queso tradicional mexicano que presenta rasgos únicos: historia, saber-hacer, características sensoriales únicas, debido a la materia prima y a la microbiota de la leche y del entorno; estos factores influyen y dan tipicidad a este gran queso mexicano. Lo anterior se confirmó con el estudio del Sistema Agroindustrial (SAI) leche-queso panela oreado. Los análisis proximales en leche, y queso y los análisis microbiológicos en el mismo, presentaron diferencias estadísticas significativas (? = 0.05) en ambas temporadas. Para esto mediante muestreo dirigido se seleccionaron cuatro queserías. Se estudió el SAI leche-queso panela oreado: se halló que es un sistema corto, donde los actores de la cadena se encuentran en constante comunicación, lo cual fortalece el sistema. En cuanto a la leche, los componentes grasa y proteína de la leche fueron estadísticamente superiores en temporada de lluvias que en estiaje. En el queso, los componentes que variaron fueron la grasa y minerales. Las cuentas de Staphylococcus aureus, coliformes totales, y levaduras estuvieron por encima de lo establecido por la NOM-243-SSA1-2010, mientras, que la identificación de Salmonella spp., resultó ser negativa en 25 g. La caracterización sensorial del queso panela oreado, evaluado a través de la técnica análisis descriptivo cuantitativo (QDA) demostró que los atributos sensoriales que caracterizan los quesos muestreados son; aroma a lácteo fermentado, sabor ácido, presencia de agujeros, apariencia húmeda y amarillamiento. También se identificó, genotípicamente, levaduras aisladas (12 cepas) del queso panela oreado. Se reconocieron las especies; Kluyveromyces lactis, Yarrowia lipolytica, Debaryomyces hansenii, Candida parapsilosis y Candida sp., en el queso panela de Soyatlán, Jalisco; se puede inferir que estas levaduras, aisladas e identificadas confieren cualidades sensoriales en el queso panela oreado. --
520 3 _aPanela oreado cheese from Soyatlan, Jalisco, is a traditional Mexican cheese with unique characteristics: history, know-how and unique sensorial characteristics, due to the raw material and the microbiota of the milk and the environment; these factors influence and give typicity to this great Mexican cheese. This was confirmed by the study of the milk-panela oreado cheese agroindustrial system (AIS). Proximal analyzes in milk and cheese and microbiological analyzes thereof presented significant statistical differences (ƒ¿ = 0.05) in both seasons. For this, four cheese factories were selected by directed sampling. The milk-panela oreado cheese AIS was studied: it was found to be a short system, where the actors of the chain are in constant communication, which strengthens the system. As for milk, the milk fat and protein components were statistically higher in the rainy season than in the dry season. In cheese, the components that varied were fat and minerals. Staphylococcus aureus, total coliform, and yeast bacteria counts were above that established by NOM-243-SSA1-2010, while the identification of Salmonella spp. was found to be negative in 25 g. The sensorial characterization of panela oreado cheese, evaluated through the quantitative descriptive analysis (QDA) technique, showed that the sensorial attributes that characterize the sampled cheeses are: fermented dairy aroma, acidic taste, presence of holes, moist appearance and yellowing. Genotypically, isolated yeasts (12 strains) of the panela cheese were also identified. Species recognized in the panela cheese from Soyatlan, Jalisco were: Kluyveromyces lactis, Yarrowia lipolytica, Debaryomyces hansenii, Candida parapsilosis and Candida sp. It can be inferred that these isolated and identified yeasts confer sensory qualities on panela cheese made from raw milk.
650 1 3 _aEvaluación sensorial de los alimentos
_2atg
650 1 3 _aFabricación de queso
_2atg
_zMéxico
_zJalisco
650 1 3 _aInocuidad alimentaria
_2atg
650 1 3 _aLevaduras
_xIdentificación
_2atg
650 1 3 _aQuesos
_2atg
_xPropiedades fisicoquímicas
650 1 3 _aCheeses
_2atg
_xPhysicochemical properties
650 1 3 _aCheesemaking
_2atg
_zMexico
_zJalisco
650 1 3 _aSensory evaluation
650 1 3 _aFood safety
_2atg
650 1 3 _aYeasts
_xIdentification
_2atg
700 1 _aVillegas de Gante, Abraham Zacarias
_edirector
700 1 _aHernández Montes, Arturo
_easesor
700 1 _aSantos Moreno, Armando
_easesor
700 1 _aValadez Moctezuma, Ernestina
_easesora
856 4 1 _uhttp://10.13.5.2/tesis/sist113246.pdf
_yDESCARGAR PDF
901 _aTESIS P472 2017
902 _aM
905 _a5232272017 mx 20178223123322spa16
942 _cTESIS
_2Clasificación Universidad Autónoma de Chapingo
999 _c177516
_d177516